Information technology (Registro nro. 8704)

Detalles MARC
000 -LEADER
fixed length control field 00841nas a2200265 454500
001 - CONTROL NUMBER
control field 31229
005 - DATE AND TIME OF LATEST TRANSACTION
control field 20260407193508.0
008 - FIXED-LENGTH DATA ELEMENTS--GENERAL INFORMATION
fixed length control field 260407s1997####ag###########|||spa#d
003 - CONTROL NUMBER IDENTIFIER
control field AR-UNSa-BCEJYS
040 ## - CATALOGING SOURCE
Original cataloging agency AR-UNSa-BCEJYS
Language of cataloging spa
Transcribing agency AR-UNSa-BCEJYS
080 ## - UNIVERSAL DECIMAL CLASSIFICATION NUMBER
Universal Decimal Classification number 658.011.56
Common auxiliary subdivision Automatización
022 ## - INTERNATIONAL STANDARD SERIAL NUMBER
International Standard Serial Number 0328-6398
041 ## - LANGUAGE CODE
Language code of text/sound track or separate title spa
100 1# - MAIN ENTRY--PERSONAL NAME
Personal name Griffa, Mario Gabriel
245 10 - TITLE STATEMENT
Title Information technology
Name of part/section of a work tecnología para ejecutivos
264 #1 - PRODUCTION, PUBLICATION, DISTRIBUTION, MANUFACTURE, AND COPYRIGHT NOTICE
Place of production, publication, distribution, manufacture Buenos Aires :
Name of producer, publisher, distributor, manufacturer Mind Opener
Date of production, publication, distribution, manufacture, or copyright notice 1997
310 ## - CURRENT PUBLICATION FREQUENCY
Current publication frequency Frecuencia: Mensual
590 ## - LOCAL NOTE (RLIN)
Local note niveau_biblio:s niveau_hierar:1
650 ## - SUBJECT ADDED ENTRY--TOPICAL TERM
Topical term or geographic name entry element Gestión
650 ## - SUBJECT ADDED ENTRY--TOPICAL TERM
Topical term or geographic name entry element Informática
650 ## - SUBJECT ADDED ENTRY--TOPICAL TERM
Topical term or geographic name entry element ADMINISTRACION DE EMPRESAS
650 ## - SUBJECT ADDED ENTRY--TOPICAL TERM
Topical term or geographic name entry element Tecnología de la información
856 41 - ELECTRONIC LOCATION AND ACCESS
Uniform Resource Identifier <a href="https://biblioeco.unsa.edu.ar/pmb/images/revistas/Technology-r15124.jpg">https://biblioeco.unsa.edu.ar/pmb/images/revistas/Technology-r15124.jpg</a>
Link text Imagen de portada
Electronic format type image/jpeg
942 ## - ADDED ENTRY ELEMENTS (KOHA)
Koha item type
Existencias
Withdrawn status Lost status Damaged status Not for loan Home library Current library Shelving location Date acquired Serial enumeration / chronology Total checkouts Full call number Barcode Date last seen Price effective from Koha item type
        Biblioteca Prof. Eusebio Cleto del Rey Biblioteca Prof. Eusebio Cleto del Rey   01/09/1997 Nº 16 - sep. 1997   H658.011.56 INF 16 R15125 10/04/2026 10/04/2026 Numero
        Biblioteca Prof. Eusebio Cleto del Rey Biblioteca Prof. Eusebio Cleto del Rey   01/06/1997 Nº 12 - jun. 1997   H658.011.56 INF 12 R15117 10/04/2026 10/04/2026 Numero
        Biblioteca Prof. Eusebio Cleto del Rey Biblioteca Prof. Eusebio Cleto del Rey   01/05/1997 Nº 11 - mayo 1997   H658.011.56 INF 11 R15124 10/04/2026 10/04/2026 Numero
        Biblioteca Prof. Eusebio Cleto del Rey Biblioteca Prof. Eusebio Cleto del Rey   01/03/1997 Nº 9 - mar. 1997   H658.011.56 INF 9 R15123 10/04/2026 10/04/2026 Numero
        Biblioteca Prof. Eusebio Cleto del Rey Biblioteca Prof. Eusebio Cleto del Rey   01/02/1997 feb. 1997   H658.011.56 INF 2/1 R15122 10/04/2026 10/04/2026 Numero
        Biblioteca Prof. Eusebio Cleto del Rey Biblioteca Prof. Eusebio Cleto del Rey   01/08/1996 Nº 4 - ago. 1996   H658.011.56 INF 4 R15121 10/04/2026 10/04/2026 Numero
        Biblioteca Prof. Eusebio Cleto del Rey Biblioteca Prof. Eusebio Cleto del Rey   01/07/1996 Nº 3 - jul. 1997   H658.011.56 INF 3 R15120 10/04/2026 10/04/2026 Numero
        Biblioteca Prof. Eusebio Cleto del Rey Biblioteca Prof. Eusebio Cleto del Rey   01/06/1996 Nº 2 - jun. 1996   H658.011.56 INF 2 R15119 10/04/2026 10/04/2026 Numero